[Event "harpa"]
[Site "?"]
[Date "2013.02.23"]
[Round "6.1"]
[White "Yu, Yangyi"]
[Black "Giri, Anish"]
[Result "1/2-1/2"]
[LiveChessVersion "1.4"]
[BlackElo "2722"]
[WhiteElo "2688"]

1. e4 {[%clk 1:30:56]} d6 {[%clk 1:29:56]} 2. d4 {[%clk 1:30:35]} Nf6
{[%clk 1:30:22]} 3. Nc3 {[%clk 1:30:38]} g6 {[%clk 1:30:47]} 4. Be3
{[%clk 1:30:13]} Bg7 {[%clk 1:30:30]} 5. f3 {[%clk 1:30:09]} c6 {[%clk 1:27:52]}
6. Qd2 {[%clk 1:30:28]} b5 {[%clk 1:28:12]} 7. a4 {[%clk 1:25:39]} b4
{[%clk 1:27:59]} 8. Nd1 {[%clk 1:24:33]} a5 {[%clk 1:26:13]} 9. Nf2
{[%clk 1:20:51]} Nbd7 {[%clk 1:17:02]} 10. Bd3 {[%clk 1:15:13]} O-O
{[%clk 1:12:47]} 11. Ne2 {[%clk 1:14:20]} e5 {[%clk 1:08:13]} 12. c3
{[%clk 1:14:11]} d5 {[%clk 1:00:06]} 13. O-O {[%clk 1:13:48]} Re8
{[%clk 0:58:19]} 14. Bh6 {[%clk 1:02:56]} bxc3 {[%clk 0:57:11]} 15. bxc3
{[%clk 1:03:16]} Ba6 {[%clk 0:56:48]} 16. Bxg7 {[%clk 1:00:56]} Kxg7
{[%clk 0:57:09]} 17. Bxa6 {[%clk 0:58:01]} Rxa6 {[%clk 0:57:37]} 18. Ng3
{[%clk 0:57:28]} dxe4 {[%clk 0:50:13]} 19. fxe4 {[%clk 0:51:09]} h6
{[%clk 0:49:31]} 20. Rae1 {[%clk 0:48:14]} Rb6 {[%clk 0:46:57]} 21. Nd1
{[%clk 0:41:04]} exd4 {[%clk 0:37:26]} 22. cxd4 {[%clk 0:40:21]} c5
{[%clk 0:37:45]} 23. Qf4 {[%clk 0:29:41]} g5 {[%clk 0:29:21]} 24. Qf5
{[%clk 0:27:54]} Rbe6 {[%clk 0:24:13]} 25. e5 {[%clk 0:27:25]} Kh8
{[%clk 0:24:42]} 26. Qh3 {[%clk 0:23:21]} Nh7 {[%clk 0:21:12]} 27. Nf5
{[%clk 0:19:56]} cxd4 {[%clk 0:20:22]} 28. Nxh6 {[%clk 0:18:18]} Rxh6
{[%clk 0:17:46]} 29. Qxh6 {[%clk 0:18:42]} Nxe5 {[%clk 0:18:12]} 30. Nf2
{[%clk 0:17:08]} d3 {[%clk 0:16:43]} 31. Qh3 {[%clk 0:13:37]} Re6
{[%clk 0:14:45]} 32. Qg3 {[%clk 0:05:52]} Qd5 {[%clk 0:12:30]} 33. Kh1
{[%clk 0:05:29]} d2 {[%clk 0:12:30]} 34. Re3 {[%clk 0:03:14]} f5 {[%clk 0:09:11]}
35. Rb3 {[%clk 0:02:53]} Kg7 {[%clk 0:08:03]} 36. Rbb1 {[%clk 0:00:56]} 1/2-1/2

[Event "harpa"]
[Site "?"]
[Date "2013.02.23"]
[Round "6.3"]
[White "Cheparinov, Ivan"]
[Black "Eljanov, Pavel"]
[Result "0-1"]
[LiveChessVersion "1.4"]
[BlackElo "2678"]
[WhiteElo "2709"]

1. d4 {[%clk 1:30:55]} d5 {[%clk 1:30:41]} 2. c4 {[%clk 1:31:15]} c6
{[%clk 1:31:06]} 3. Nf3 {[%clk 1:31:40]} Nf6 {[%clk 1:31:32]} 4. Nc3
{[%clk 1:32:04]} a6 {[%clk 1:31:39]} 5. a4 {[%clk 1:31:03]} e6 {[%clk 1:32:02]}
6. g3 {[%clk 1:30:40]} dxc4 {[%clk 1:31:32]} 7. Bg2 {[%clk 1:28:39]} c5
{[%clk 1:31:41]} 8. O-O {[%clk 1:29:01]} cxd4 {[%clk 1:31:08]} 9. Nxd4
{[%clk 1:29:25]} Be7 {[%clk 1:31:11]} 10. a5 {[%clk 1:18:56]} O-O
{[%clk 1:29:43]} 11. Nc2 {[%clk 1:11:17]} Qc7 {[%clk 1:12:01]} 12. Be3
{[%clk 0:48:29]} Bd7 {[%clk 0:59:01]} 13. Bb6 {[%clk 0:44:53]} Qc8
{[%clk 0:58:51]} 14. Ne3 {[%clk 0:44:17]} Bb5 {[%clk 0:53:01]} 15. Rc1
{[%clk 0:39:06]} Nfd7 {[%clk 0:30:26]} 16. Na4 {[%clk 0:38:29]} Bg5
{[%clk 0:30:26]} 17. f4 {[%clk 0:33:23]} Nxb6 {[%clk 0:18:55]} 18. Nxb6
{[%clk 0:32:21]} Qc5 {[%clk 0:19:22]} 19. Rf3 {[%clk 0:22:38]} Bf6
{[%clk 0:18:28]} 20. Nxa8 {[%clk 0:23:00]} Rd8 {[%clk 0:08:51]} 21. Qe1
{[%clk 0:20:31]} Nc6 {[%clk 0:09:17]} 22. Nb6 {[%clk 0:15:23]} Bd4
{[%clk 0:09:19]} 23. Kf2 {[%clk 0:12:31]} e5 {[%clk 0:09:12]} 24. b4
{[%clk 0:10:54]} Nxb4 {[%clk 0:08:34]} 25. fxe5 {[%clk 0:10:02]} Nc6
{[%clk 0:05:23]} 26. Qd2 {[%clk 0:00:34]} c3 {[%clk 0:04:45]} 27. Qc2
{[%clk 0:00:32]} Nxe5 {[%clk 0:04:32]} 28. Qf5 {[%clk 0:00:47]} g6
{[%clk 0:02:11]} 29. Qf4 {[%clk 0:00:32]} Re8 {[%clk 0:01:53]} 30. Nbd5
{[%clk 0:00:34]} Qxd5 {[%clk 0:02:05]} 31. Kf1 {[%clk 0:00:31]} Nxf3 0-1

[Event "harpa"]
[Site "?"]
[Date "2013.02.23"]
[Round "6.4"]
[White "Socko, Bartosz"]
[Black "Gajewski, Grzegorz"]
[Result "1/2-1/2"]
[LiveChessVersion "1.4"]
[BlackElo "2644"]
[WhiteElo "2643"]

1. d4 {[%clk 1:30:56]} Nf6 {[%clk 1:30:52]} 2. c4 {[%clk 1:31:21]} e6
{[%clk 1:31:17]} 3. Nf3 {[%clk 1:31:32]} d5 {[%clk 1:31:34]} 4. Nc3
{[%clk 1:31:43]} Bb4 {[%clk 1:31:21]} 5. cxd5 {[%clk 1:31:28]} exd5
{[%clk 1:31:44]} 6. Bg5 {[%clk 1:31:49]} h6 {[%clk 1:32:01]} 7. Bh4
{[%clk 1:32:03]} c5 {[%clk 1:32:17]} 8. dxc5 {[%clk 1:26:25]} Nbd7
{[%clk 1:32:25]} 9. Rc1 {[%clk 1:22:13]} Qa5 {[%clk 1:32:42]} 10. Qd4
{[%clk 1:22:10]} Bxc5 {[%clk 1:25:01]} 11. Qd2 {[%clk 1:22:20]} Bb6
{[%clk 1:03:19]} 12. e3 {[%clk 0:56:49]} O-O {[%clk 0:55:07]} 13. a3
{[%clk 0:57:08]} Ne4 {[%clk 0:52:57]} 14. Nxe4 {[%clk 0:57:17]} dxe4
{[%clk 0:53:23]} 15. Qxa5 {[%clk 0:57:38]} Bxa5+ {[%clk 0:53:51]} 16. Nd2
{[%clk 0:57:59]} Bxd2+ {[%clk 0:50:09]} 17. Kxd2 {[%clk 0:58:09]} Ne5
{[%clk 0:50:26]} 18. Bg3 {[%clk 0:58:28]} Rd8+ {[%clk 0:50:07]} 19. Kc2
{[%clk 0:58:52]} Nd3 {[%clk 0:48:36]} 20. Bxd3 {[%clk 0:59:17]} Rxd3
{[%clk 0:47:03]} 21. Rhd1 {[%clk 0:59:35]} Rxd1 {[%clk 0:46:57]} 22. Rxd1
{[%clk 1:00:00]} Be6 {[%clk 0:46:21]} 23. Be5 {[%clk 1:00:24]} Rc8+
{[%clk 0:39:46]} 24. Bc3 {[%clk 1:00:48]} Rc5 {[%clk 0:36:49]} 25. h4
{[%clk 0:49:17]} Rf5 {[%clk 0:33:51]} 26. Be1 {[%clk 0:49:41]} Rd5
{[%clk 0:32:09]} 27. Rxd5 {[%clk 0:49:18]} Bxd5 {[%clk 0:32:35]} 28. Kc3
{[%clk 0:49:42]} f6 {[%clk 0:32:08]} 29. Kd4 {[%clk 0:50:08]} Bc6
{[%clk 0:32:34]} 30. Kc5 {[%clk 0:48:19]} h5 {[%clk 0:32:33]} 31. Kd6
{[%clk 0:48:42]} Kf7 {[%clk 0:32:58]} 32. Bb4 {[%clk 0:48:50]} Ba4
{[%clk 0:28:31]} 33. Bc5 {[%clk 0:48:53]} a6 {[%clk 0:28:58]} 34. Kc7
{[%clk 0:48:55]} Bc6 {[%clk 0:29:24]} 35. Kd6 {[%clk 0:49:20]} Ba4
{[%clk 0:29:50]} 36. Kc7 {[%clk 0:49:46]} Bc6 {[%clk 0:30:15]} 37. Kd6
{[%clk 0:50:14]} 1/2-1/2

[Event "harpa"]
[Site "?"]
[Date "2013.02.23"]
[Round "6.2"]
[White "Maze, Sebastien"]
[Black "Bu, Xiangzhi"]
[Result "1/2-1/2"]
[LiveChessVersion "1.4"]
[BlackElo "2675"]
[WhiteElo "2556"]

1. Nf3 {[%clk 1:24:48]} d5 {[%clk 1:30:09]} 2. c4 {[%clk 1:25:01]} c6
{[%clk 1:29:59]} 3. d4 {[%clk 1:25:25]} Nf6 {[%clk 1:30:25]} 4. e3
{[%clk 1:25:51]} g6 {[%clk 1:30:13]} 5. Nbd2 {[%clk 1:26:16]} Bg7
{[%clk 1:30:09]} 6. Be2 {[%clk 1:26:41]} O-O {[%clk 1:30:13]} 7. O-O
{[%clk 1:26:53]} b6 {[%clk 1:24:28]} 8. b4 {[%clk 1:19:34]} Bb7 {[%clk 1:16:51]}
9. Bb2 {[%clk 1:15:08]} Nbd7 {[%clk 1:15:44]} 10. Qb3 {[%clk 1:14:18]} e6
{[%clk 1:11:27]} 11. a4 {[%clk 1:12:05]} Rb8 {[%clk 1:07:22]} 12. a5
{[%clk 1:05:20]} Re8 {[%clk 0:52:51]} 13. Rfd1 {[%clk 1:02:52]} Ba8
{[%clk 0:39:36]} 14. axb6 {[%clk 0:59:02]} axb6 {[%clk 0:39:26]} 15. Qc2
{[%clk 0:58:07]} Qc7 {[%clk 0:37:48]} 16. c5 {[%clk 0:56:34]} bxc5
{[%clk 0:35:23]} 17. bxc5 {[%clk 0:57:02]} e5 {[%clk 0:29:52]} 18. h3
{[%clk 0:56:56]} exd4 {[%clk 0:28:08]} 19. Bxd4 {[%clk 0:56:51]} Bb7
{[%clk 0:28:26]} 20. Ra7 {[%clk 0:55:25]} Ra8 {[%clk 0:28:47]} 21. Rda1
{[%clk 0:55:50]} Rxa7 {[%clk 0:23:37]} 22. Rxa7 {[%clk 0:56:17]} Ra8
{[%clk 0:24:00]} 23. Rxa8+ {[%clk 0:56:18]} Bxa8 {[%clk 0:24:27]} 24. Qb2
{[%clk 0:56:19]} Bb7 {[%clk 0:22:22]} 25. Nb3 {[%clk 0:53:21]} Bc8
{[%clk 0:19:34]} 26. Qa1 {[%clk 0:52:35]} Qb8 {[%clk 0:12:12]} 27. Qa4
{[%clk 0:42:01]} Bb7 {[%clk 0:12:15]} 28. Qb4 {[%clk 0:38:47]} Qc8
{[%clk 0:11:20]} 29. Qa5 {[%clk 0:37:48]} Qb8 {[%clk 0:11:36]} 30. Qa1
{[%clk 0:36:11]} Bc8 {[%clk 0:10:35]} 31. Qa4 {[%clk 0:36:37]} Bb7
{[%clk 0:10:57]} 32. Nfd2 {[%clk 0:32:13]} Bf8 {[%clk 0:10:17]} 33. Qa1
{[%clk 0:32:07]} Ne8 {[%clk 0:09:46]} 34. e4 {[%clk 0:28:32]} Ng7
{[%clk 0:06:15]} 35. exd5 {[%clk 0:23:16]} cxd5 {[%clk 0:06:40]} 36. Bb5
{[%clk 0:21:12]} Qc8 {[%clk 0:05:57]} 37. Qc3 {[%clk 0:21:20]} Nb8
{[%clk 0:06:08]} 38. Nf3 {[%clk 0:20:42]} Bc6 {[%clk 0:05:09]} 39. Be2
{[%clk 0:19:39]} Nd7 {[%clk 0:05:10]} 40. Ne5 {[%clk 0:48:26]} Ne6
{[%clk 0:30:45]} 41. Nxd7 {[%clk 0:48:26]} Bxd7 {[%clk 0:30:43]} 1/2-1/2

[Event "harpa"]
[Site "?"]
[Date "2013.02.23"]
[Round "6.4"]
[White "Gretarsson, Hjorvar Steinn"]
[Black "Baklan, Vladimir"]
[Result "1/2-1/2"]
[LiveChessVersion "1.4"]
[BlackElo "2609"]
[WhiteElo "2509"]

1. d4 {[%clk 1:30:38]} Nf6 {[%clk 1:30:55]} 2. c4 {[%clk 1:31:04]} g6
{[%clk 1:31:12]} 3. Nc3 {[%clk 1:31:22]} Bg7 {[%clk 1:31:38]} 4. e4
{[%clk 1:31:46]} d6 {[%clk 1:32:05]} 5. Nf3 {[%clk 1:31:57]} O-O {[%clk 1:32:21]}
6. Be2 {[%clk 1:32:23]} e5 {[%clk 1:32:45]} 7. O-O {[%clk 1:32:39]} exd4
{[%clk 1:33:10]} 8. Nxd4 {[%clk 1:33:04]} c6 {[%clk 1:33:36]} 9. Kh1
{[%clk 1:32:16]} Nbd7 {[%clk 1:29:16]} 10. f3 {[%clk 1:28:09]} a6
{[%clk 1:17:35]} 11. Be3 {[%clk 1:18:44]} d5 {[%clk 1:15:14]} 12. cxd5
{[%clk 1:16:27]} cxd5 {[%clk 1:15:41]} 13. exd5 {[%clk 1:15:10]} 1/2-1/2

[Event "harpa"]
[Site "?"]
[Date "2013.02.23"]
[Round "6.5"]
[White "Solak, Dragan"]
[Black "Xiu, Deshun"]
[Result "1/2-1/2"]
[LiveChessVersion "1.4"]
[BlackElo "2530"]
[WhiteElo "2603"]

1. e4 {[%clk 1:28:50]} c5 {[%clk 1:30:54]} 2. Nf3 {[%clk 1:29:13]} d6
{[%clk 1:31:19]} 3. Bb5+ {[%clk 1:29:39]} Nd7 {[%clk 1:31:19]} 4. a4
{[%clk 1:22:11]} Ngf6 {[%clk 1:30:19]} 5. d3 {[%clk 1:22:31]} a6 {[%clk 1:23:37]}
6. Bc4 {[%clk 1:22:32]} b6 {[%clk 1:12:26]} 7. O-O {[%clk 1:09:17]} e6
{[%clk 1:12:38]} 8. Nc3 {[%clk 1:07:01]} Be7 {[%clk 1:12:41]} 9. d4
{[%clk 1:00:19]} O-O {[%clk 0:52:00]} 10. e5 {[%clk 0:48:23]} Ne8
{[%clk 0:50:13]} 11. Bf4 {[%clk 0:28:27]} d5 {[%clk 0:44:57]} 12. Ba2
{[%clk 0:28:23]} Nb8 {[%clk 0:43:07]} 13. Ne2 {[%clk 0:28:18]} Nc6
{[%clk 0:42:51]} 14. c3 {[%clk 0:28:25]} f5 {[%clk 0:42:23]} 15. exf6
{[%clk 0:28:03]} Nxf6 {[%clk 0:42:46]} 16. Ng3 {[%clk 0:23:47]} Ne4
{[%clk 0:39:43]} 17. Be3 {[%clk 0:22:29]} Ng5 {[%clk 0:33:41]} 18. Nxg5
{[%clk 0:18:54]} Bxg5 {[%clk 0:34:06]} 19. Qg4 {[%clk 0:16:58]} Be7
{[%clk 0:33:11]} 20. Qe2 {[%clk 0:10:49]} Bd6 {[%clk 0:31:55]} 21. Rad1
{[%clk 0:11:06]} c4 {[%clk 0:29:35]} 22. Bb1 {[%clk 0:10:10]} Rf7
{[%clk 0:29:18]} 23. Nh5 {[%clk 0:05:59]} g6 {[%clk 0:27:29]} 24. Ng3
{[%clk 0:06:27]} b5 {[%clk 0:27:27]} 25. axb5 {[%clk 0:05:30]} axb5
{[%clk 0:27:53]} 26. Qd2 {[%clk 0:05:42]} b4 {[%clk 0:27:48]} 27. Ne2
{[%clk 0:06:04]} Rb8 {[%clk 0:24:20]} 28. Bf4 {[%clk 0:05:51]} bxc3
{[%clk 0:21:44]} 1/2-1/2

[Event "harpa"]
[Site "?"]
[Date "2013.02.23"]
[Round "6.7"]
[White "Maack, Kjartan"]
[Black "Olafsson, Fridrik"]
[Result "0-1"]
[LiveChessVersion "1.4"]
[BlackElo "2416"]
[WhiteElo "2136"]

1. c4 {[%clk 1:28:57]} e6 {[%clk 1:30:38]} 2. g3 {[%clk 1:28:57]} d5
{[%clk 1:30:53]} 3. Bg2 {[%clk 1:29:02]} Nf6 {[%clk 1:31:17]} 4. Nf3
{[%clk 1:29:05]} dxc4 {[%clk 1:31:09]} 5. O-O {[%clk 1:29:06]} a6
{[%clk 1:28:09]} 6. a4 {[%clk 1:22:46]} c5 {[%clk 1:21:30]} 7. Qc2
{[%clk 1:15:09]} Nc6 {[%clk 1:20:33]} 8. Qxc4 {[%clk 1:08:09]} Be7
{[%clk 1:19:01]} 9. b3 {[%clk 1:05:19]} b5 {[%clk 1:07:56]} 10. Qc2
{[%clk 1:04:42]} Nb4 {[%clk 1:04:36]} 11. Qd1 {[%clk 1:04:12]} Bb7
{[%clk 1:05:01]} 12. Nc3 {[%clk 1:01:44]} Qb6 {[%clk 1:04:59]} 13. axb5
{[%clk 0:58:27]} axb5 {[%clk 1:04:00]} 14. Rxa8+ {[%clk 0:58:51]} Bxa8
{[%clk 1:04:28]} 15. d3 {[%clk 0:47:12]} O-O {[%clk 1:04:30]} 16. Bb2
{[%clk 0:46:16]} Rd8 {[%clk 1:04:01]} 17. Qb1 {[%clk 0:44:44]} Nc6
{[%clk 0:57:22]} 18. e3 Nb4 {[%clk 0:49:10]} 19. Rd1 {[%clk 0:36:59]} Bc6
{[%clk 0:49:24]} 20. Ne2 {[%clk 0:30:22]} Qb7 {[%clk 0:44:52]} 21. Ne1
{[%clk 0:30:27]} Bxg2 {[%clk 0:44:35]} 22. Nxg2 {[%clk 0:30:52]} Qf3
{[%clk 0:44:36]} 23. Nc3 {[%clk 0:17:45]} Ng4 {[%clk 0:40:54]} 24. Ne4
{[%clk 0:17:02]} c4 {[%clk 0:34:58]} 25. bxc4 {[%clk 0:11:11]} bxc4
{[%clk 0:35:27]} 26. Ne1 {[%clk 0:10:58]} Qf5 {[%clk 0:33:53]} 27. h3
{[%clk 0:07:43]} cxd3 {[%clk 0:31:45]} 28. hxg4 {[%clk 0:02:46]} Qxe4
{[%clk 0:31:59]} 29. Ba3 {[%clk 0:01:29]} h5 {[%clk 0:18:56]} 30. gxh5
{[%clk 0:00:32]} Rd5 {[%clk 0:19:05]} 31. Bxb4 {[%clk 0:00:32]} Bxb4
{[%clk 0:19:34]} 32. Ng2 {[%clk 0:00:31]} e5 {[%clk 0:19:10]} 33. h6
{[%clk 0:00:32]} gxh6 {[%clk 0:19:08]} 34. Kh2 {[%clk 0:00:31]} Qc4
{[%clk 0:19:31]} 35. Rc1 {[%clk 0:00:31]} Qg4 {[%clk 0:19:44]} 36. Qa2
{[%clk 0:00:32]} d2 {[%clk 0:19:58]} 37. Qa8+ {[%clk 0:00:31]} Kg7
{[%clk 0:20:11]} 38. Qxd5 {[%clk 0:00:33]} dxc1=Q {[%clk 0:20:33]} 39. Qxe5+
{[%clk 0:00:59]} Kh7 0-1

[Event "harpa"]
[Site "?"]
[Date "2013.02.23"]
[Round "6.9"]
[White "Norowitz, Yaacov"]
[Black "Dziuba, Marcin"]
[Result "1/2-1/2"]
[LiveChessVersion "1.4"]
[BlackElo "2602"]
[WhiteElo "2432"]

1. d4 {[%clk 1:20:53]} Nf6 {[%clk 1:30:39]} 2. Nf3 {[%clk 1:21:10]} g6
{[%clk 1:31:02]} 3. c4 {[%clk 1:21:29]} Bg7 {[%clk 1:31:21]} 4. Nc3
{[%clk 1:21:51]} d6 {[%clk 1:29:50]} 5. Bf4 {[%clk 1:21:50]} O-O {[%clk 1:25:18]}
6. e3 {[%clk 1:21:00]} c6 {[%clk 1:23:54]} 7. Be2 {[%clk 1:17:37]} a6
{[%clk 1:18:05]} 8. h3 {[%clk 1:08:42]} b5 {[%clk 1:17:10]} 9. a3
{[%clk 1:04:55]} bxc4 {[%clk 1:15:24]} 10. Bxc4 {[%clk 1:04:49]} Nbd7
{[%clk 1:15:36]} 11. O-O {[%clk 1:04:36]} Nb6 {[%clk 1:11:27]} 12. Ba2
{[%clk 1:03:15]} Nbd5 {[%clk 0:59:06]} 13. Nxd5 {[%clk 0:58:28]} cxd5
{[%clk 0:59:30]} 14. Bg5 {[%clk 0:58:39]} Rb8 {[%clk 0:59:34]} 15. Bxf6
{[%clk 0:57:41]} Bxf6 {[%clk 0:58:23]} 16. Qd2 {[%clk 0:57:50]} e6
{[%clk 0:57:41]} 17. b4 {[%clk 0:55:00]} Bd7 {[%clk 0:56:34]} 18. Rfc1
{[%clk 0:51:18]} Qb6 {[%clk 0:54:12]} 19. Bb1 {[%clk 0:49:41]} Qa7
{[%clk 0:25:09]} 20. Bd3 {[%clk 0:45:11]} Rb6 {[%clk 0:22:48]} 21. Bf1
{[%clk 0:40:29]} Rfb8 {[%clk 0:22:45]} 22. Qc3 {[%clk 0:37:18]} Bd8
{[%clk 0:21:50]} 23. Nd2 {[%clk 0:33:20]} a5 {[%clk 0:19:14]} 24. Nb3
{[%clk 0:30:33]} Rc6 {[%clk 0:11:58]} 25. Qxc6 {[%clk 0:25:03]} Bxc6
{[%clk 0:12:25]} 26. Rxc6 {[%clk 0:25:27]} Qd7 {[%clk 0:12:23]} 27. b5
{[%clk 0:24:30]} a4 {[%clk 0:12:48]} 28. Nd2 {[%clk 0:24:13]} Bb6
{[%clk 0:06:44]} 29. Nf3 {[%clk 0:20:17]} Kg7 {[%clk 0:04:37]} 30. Rb1
{[%clk 0:18:22]} Qd8 {[%clk 0:02:02]} 31. Rb4 {[%clk 0:17:07]} Ra8
{[%clk 0:01:52]} 32. Bd3 {[%clk 0:15:17]} Ra7 {[%clk 0:00:48]} 33. Bc2
{[%clk 0:15:01]} Ba5 {[%clk 0:01:04]} 34. Rxa4 {[%clk 0:14:53]} Rc7
{[%clk 0:01:30]} 35. Ra6 {[%clk 0:09:46]} Rxc2 {[%clk 0:01:55]} 36. R4xa5
{[%clk 0:06:55]} h6 {[%clk 0:01:51]} 37. Ra4 {[%clk 0:05:07]} Qc8
{[%clk 0:01:04]} 38. Rb4 {[%clk 0:04:10]} Qc3 {[%clk 0:01:13]} 39. Rb1
{[%clk 0:04:18]} Qc4 {[%clk 0:00:36]} 40. a4 {[%clk 0:32:56]} Qe2
{[%clk 0:30:47]} 41. Rf1 {[%clk 0:32:36]} Ra2 {[%clk 0:30:42]} 42. Rxd6
{[%clk 0:30:14]} Rxa4 {[%clk 0:27:26]} 43. Rd7 {[%clk 0:27:25]} Qxb5
{[%clk 0:15:23]} 44. Ne5 {[%clk 0:27:21]} Kg8 {[%clk 0:15:06]} 45. Rxf7
{[%clk 0:26:40]} Qe8 {[%clk 0:15:09]} 46. Rf6 {[%clk 0:26:35]} Ra7
{[%clk 0:15:20]} 47. Rc1 {[%clk 0:24:05]} Kg7 {[%clk 0:13:13]} 48. Rxg6+
{[%clk 0:21:54]} Kh7 {[%clk 0:13:39]} 49. Rc6 {[%clk 0:21:09]} Qxc6
{[%clk 0:13:58]} 50. Rxh6+ {[%clk 0:21:32]} Kxh6 {[%clk 0:14:21]} 51. Nxc6
{[%clk 0:22:00]} Ra2 {[%clk 0:14:20]} 52. g4 {[%clk 0:21:56]} Kg5
{[%clk 0:14:33]} 53. Kg2 {[%clk 0:22:15]} Rc2 {[%clk 0:14:00]} 54. Ne5
{[%clk 0:22:24]} Rc1 {[%clk 0:14:08]} 55. Nf3+ {[%clk 0:22:40]} Kf6
{[%clk 0:14:24]} 56. Kg3 {[%clk 0:23:05]} Rh1 {[%clk 0:14:07]} 57. h4
{[%clk 0:23:06]} Rf1 {[%clk 0:14:15]} 58. h5 {[%clk 0:23:02]} Rh1
{[%clk 0:14:35]} 59. Kg2 {[%clk 0:21:02]} Rc1 {[%clk 0:14:57]} 60. Ne5
{[%clk 0:20:46]} Kg5 {[%clk 0:11:52]} 61. f4+ {[%clk 0:19:49]} Kh6
{[%clk 0:12:18]} 62. Kf2 {[%clk 0:19:27]} Rc2+ {[%clk 0:12:34]} 63. Kf3
{[%clk 0:19:52]} Rc1 {[%clk 0:12:48]} 64. Nd7 {[%clk 0:20:10]} Rc7
{[%clk 0:12:48]} 65. Nc5 {[%clk 0:20:23]} Rc6 {[%clk 0:13:11]} 66. Kg3
{[%clk 0:20:40]} Rb6 {[%clk 0:13:35]} 67. Kh4 {[%clk 0:21:02]} Kg7
{[%clk 0:13:54]} 68. g5 {[%clk 0:21:14]} Kf7 {[%clk 0:14:07]} 69. h6
{[%clk 0:21:08]} Rb1 {[%clk 0:14:20]} 70. Nd3 {[%clk 0:20:29]} Kg6
{[%clk 0:13:56]} 71. Ne5+ {[%clk 0:19:09]} Kh7 {[%clk 0:14:14]} 72. Kg3
{[%clk 0:19:27]} Rb2 {[%clk 0:14:20]} 73. Kf3 {[%clk 0:19:53]} Ra2
{[%clk 0:14:37]} 74. Nd7 {[%clk 0:19:54]} Kg6 {[%clk 0:13:27]} 75. Ne5+
{[%clk 0:17:54]} Kh7 {[%clk 0:13:38]} 76. Nd3 {[%clk 0:13:52]} Kg6
{[%clk 0:13:52]} 77. Nc5 {[%clk 0:14:19]} Kf5 {[%clk 0:12:56]} 78. g6
{[%clk 0:14:45]} Kxg6 {[%clk 0:13:10]} 79. Nxe6 {[%clk 0:15:11]} Rh2
{[%clk 0:12:07]} 80. Nc7 {[%clk 0:14:14]} Rh3+ {[%clk 0:10:47]} 81. Kf2
{[%clk 0:14:10]} Rh5 {[%clk 0:10:54]} 82. Ke2 {[%clk 0:07:43]} Kxh6
{[%clk 0:10:42]} 83. Kd3 {[%clk 0:08:08]} Rf5 {[%clk 0:09:23]} 84. Kc3
{[%clk 0:08:24]} Kh5 {[%clk 0:09:16]} 85. Kd3 {[%clk 0:07:39]} Kg4
{[%clk 0:09:13]} 86. Ne6 {[%clk 0:07:54]} Rh5 {[%clk 0:07:40]} 87. Nc7
{[%clk 0:08:02]} Kf3 1/2-1/2

[Event "harpa"]
[Site "?"]
[Date "2013.02.23"]
[Round "6.1"]
[White "Amin, Bassem"]
[Black "Li, Wenliang"]
[Result "1-0"]
[LiveChessVersion "1.4"]
[BlackElo "2411"]
[WhiteElo "2631"]

1. e4 Nf6 2. e5 Nd5 3. d4 d6 4. Bc4 c6 5. Nf3 dxe5 6. dxe5 Bg4 7. h3 Bxf3 8. Qxf3
e6 9. O-O Nd7 10. Re1 Qc7 11. Qe2 g6 12. Nd2 Bg7 13. Nf3 O-O 14. a3 b5 15. Ba2 a5
16. h4 b4 17. Bd2 bxa3 18. bxa3 h5 19. Rad1 Ne7 20. Bg5 Nd5 21. Bd2 Ne7 22. c4
Nf5 23. Bb1 Nh6 24. Bf4 Ng4 25. Nh2 Nxh2 26. Bxh2 Rfd8 27. Bc2 Nc5 28. Qe3 Nb7
29. Bf4 Rxd1 30. Rxd1 Bf8 31. g4 Rd8 32. gxh5 Rxd1+ 33. Bxd1 Qd8 34. Be2 gxh5 35.
Qg3+ Kh8 36. Bxh5 Qc7 37. Bd1 Nc5 38. Bc2 Qd8 39. Qg4 Bg7 40. Bg5 Qb8 41. Qh5+
Kg8 42. Bf6 1-0

[Event "harpa"]
[Site "?"]
[Date "2013.02.23"]
[Round "6.2"]
[White "Navara, David"]
[Black "Andersen, Mads"]
[Result "1-0"]
[LiveChessVersion "1.4"]
[BlackElo "2462"]
[WhiteElo "2710"]

1. e4 {[%clk 1:30:58]} e5 {[%clk 1:30:52]} 2. Nf3 {[%clk 1:31:24]} Nc6
{[%clk 1:31:15]} 3. Bb5 {[%clk 1:31:49]} Nf6 {[%clk 1:31:35]} 4. d3
{[%clk 1:32:14]} Bc5 {[%clk 1:31:50]} 5. c3 {[%clk 1:32:38]} O-O {[%clk 1:31:58]}
6. O-O {[%clk 1:33:03]} d6 {[%clk 1:31:53]} 7. Nbd2 {[%clk 1:33:22]} a6
{[%clk 1:31:38]} 8. Bxc6 {[%clk 1:33:44]} bxc6 {[%clk 1:32:00]} 9. Re1
{[%clk 1:34:05]} Re8 {[%clk 1:28:12]} 10. h3 {[%clk 1:34:27]} Bb6
{[%clk 1:26:26]} 11. Nf1 {[%clk 1:34:20]} Nd7 {[%clk 1:07:19]} 12. d4
{[%clk 1:31:24]} Qe7 {[%clk 0:59:44]} 13. Ng3 {[%clk 1:30:30]} Nf8
{[%clk 0:59:06]} 14. Be3 {[%clk 1:27:33]} Rb8 {[%clk 0:57:47]} 15. Kh1
{[%clk 1:23:37]} Ng6 {[%clk 0:52:10]} 16. Qc2 {[%clk 1:13:15]} f6
{[%clk 0:48:19]} 17. c4 {[%clk 1:08:08]} exd4 {[%clk 0:37:43]} 18. Bxd4
{[%clk 1:08:26]} Bxd4 {[%clk 0:34:09]} 19. Nxd4 {[%clk 1:08:47]} Bd7
{[%clk 0:34:28]} 20. c5 {[%clk 1:08:14]} Qe5 {[%clk 0:30:09]} 21. Qc4+
{[%clk 1:05:11]} Kh8 {[%clk 0:30:28]} 22. b4 {[%clk 1:01:40]} Nf4
{[%clk 0:27:56]} 23. Rad1 {[%clk 0:58:38]} Qg5 {[%clk 0:22:40]} 24. cxd6
{[%clk 0:55:31]} cxd6 {[%clk 0:22:34]} 25. Nxc6 {[%clk 0:43:16]} Bxc6
{[%clk 0:20:45]} 26. Qxc6 {[%clk 0:43:37]} h5 {[%clk 0:20:54]} 27. Rg1
{[%clk 0:42:00]} g6 {[%clk 0:20:20]} 28. Rxd6 {[%clk 0:30:20]} h4
{[%clk 0:18:01]} 29. Nf1 {[%clk 0:30:42]} Ne2 {[%clk 0:16:56]} 30. Rxf6
{[%clk 0:31:00]} Kg7 {[%clk 0:13:55]} 31. e5 {[%clk 0:27:58]} Nxg1
{[%clk 0:13:14]} 32. f4 {[%clk 0:27:23]} Qh5 {[%clk 0:11:14]} 33. Kxg1
{[%clk 0:27:31]} Rbc8 {[%clk 0:08:46]} 34. Qb7+ {[%clk 0:19:05]} Kh8
{[%clk 0:09:01]} 35. Qxa6 {[%clk 0:19:08]} Rc1 {[%clk 0:06:46]} 36. Rxg6
{[%clk 0:18:05]} Rxf1+ {[%clk 0:06:47]} 37. Kh2 {[%clk 0:17:06]} Kh7
{[%clk 0:02:51]} 38. Rg5 {[%clk 0:17:05]} 1-0